000 00497nam a2200181Ia 4500
001 4500
005 20260306145800.0
008 260306t2009||||xx |||||||||||||| ||spa||
041 _aESP
082 _a323.4
_bI59C
100 _aInstituto Interamericano de Derechos Humanos
_eAUT
245 0 _aLa justiciabilidad directa de los derechos económicos, sociales y culturales
260 _c2009
300 _a197 páginas :
_c21 cm.
650 _aGEN
654 _aCHU
942 _cLIB
_dJUS
_fJUS
_2ddc
_n
999 _c4500
_d4500